A general catalog of H I observations of galaxies (Record no. 9789)
[ view plain ]
| 000 -LEADER | |
|---|---|
| fixed length control field | 00690nam a2200205Ia 4500 |
| 003 - CONTROL NUMBER IDENTIFIER | |
| control field | IN-BaIIA |
| 008 - FIXED-LENGTH DATA ELEMENTS--GENERAL INFORMATION | |
| fixed length control field | 211028s9999 xx 000 0 eng d |
| 020 ## - INTERNATIONAL STANDARD BOOK NUMBER | |
| International Standard Book Number | 0-387-96997-7 |
| 040 ## - CATALOGING SOURCE | |
| Transcribing agency | IIA Library |
| 080 ## - UNIVERSAL DECIMAL CLASSIFICATION NUMBER | |
| Universal Decimal Classification number | 083.8:524.6 |
| Item number | HUC |
| 100 ## - MAIN ENTRY--PERSONAL NAME | |
| Personal name | Huchtmeier, W. K. |
| 9 (RLIN) | 16572 |
| 245 #2 - TITLE STATEMENT | |
| Title | A general catalog of H I observations of galaxies |
| Remainder of title | the reference catalog |
| Statement of responsibility, etc. | W. K. Huchtmeier and O. G. Richter |
| 260 ## - PUBLICATION, DISTRIBUTION, ETC. | |
| Place of publication, distribution, etc. | Berlin |
| Name of publisher, distributor, etc. | Springer-Verlag |
| Date of publication, distribution, etc. | 1989 |
| 300 ## - PHYSICAL DESCRIPTION | |
| Extent | xviii, 350p. |
| 650 ## - SUBJECT ADDED ENTRY--TOPICAL TERM | |
| Topical term or geographic name entry element | Astronomy and Astrophysics Thesaurus |
| 650 ## - SUBJECT ADDED ENTRY--TOPICAL TERM | |
| Topical term or geographic name entry element | Catalogue-H1 observations |
| 9 (RLIN) | 16573 |
| 650 ## - SUBJECT ADDED ENTRY--TOPICAL TERM | |
| Topical term or geographic name entry element | Galaxies |
| 9 (RLIN) | 1286 |
| 700 ## - ADDED ENTRY--PERSONAL NAME | |
| Personal name | Richter, O. G |
| 9 (RLIN) | 16574 |
| 942 ## - ADDED ENTRY ELEMENTS (KOHA) | |
| Koha item type | Books |
| Withdrawn status | Lost status | Damaged status | Not for loan | Home library | Current library | Shelving location | Date acquired | Cost, normal purchase price | Total Checkouts | Full call number | Barcode | Date last seen | Cost, replacement price | Price effective from | Koha item type | Purchase Price |
|---|---|---|---|---|---|---|---|---|---|---|---|---|---|---|---|---|
| IIA Library-Bangalore | IIA Library-Bangalore | General Stacks | 1326.80 | 083.8:524.6/ HUC | 10699 | 05/11/2021 | 1326.80 | Books | Rs. 1326.80 |